000 00708nas a2200229 4500
001 BR8905061
003 BR-BrBNA
005 20231205091733.0
007 ta
008 230509b bl.|||p| |||| 00| 00por d
040 _aBR-BrBNA
_bpor
_cBiblioteca Nacional de Agricultura
041 _a(Pt)
072 _aK10
100 1 _aMilano, M.S.
245 1 _aO planejamento da arborizacao, as necessidades de manejo e tratamentos culturais das arvores de ruas de Curitiba-PR
650 _aARBORIZACAO
650 _aURBANIZACAO
650 _aPARANÁ
773 0 _tFloresta (Brazil)
_xISSN 0015-3826
_g(1987), v. 27(1-2) p. 15-21
_wBR8905061
909 _a202311
_bLúcia
_c55
_dLúcia Elande
942 _2AGRIS
_n0
_cANA
999 _c127012
_d127012